Countries With 2 Official Languages - Statistics

General Stats
  • This quiz has been taken 276 times
  • The average score is 6 of 7
Answer Stats
Languages Location Country % Correct
English & French North America Canada
98%
Hebrew & Arabic Middle East Israel
96%
Maltese & English Europe Malta
94%
French & Kreyol Caribbean Haiti
91%
Swahili & English Africa Kenya
87%
Spanish & Gurarani South America Paraguay
87%
Swahili & English Africa Uganda
75%
No matching quizzes found
Score Distribution
Percent of People with Each Score
Percentile by Number Answered
Your Score History
You have not taken this quiz